Largest cities occupied by Russia - Statistics

General Stats
  • This quiz has been taken 27 times
  • The average score is 7 of 16
Answer Stats
Population City name % Correct
399,559 Luhansk
96%
905,364 Donetsk
88%
425 681 Mariupol
85%
509,992 Sevastopol
85%
283 649 Kherson
62%
149,566 Kerch
46%
148 851 Melitopol
46%
340 540 Simferopol
46%
101,135 Sievierodonetsk
27%
105,719 Yevpatoria
23%
107,928 Berdiansk
19%
241,106 Horlivka
19%
95,031 Lysychansk
19%
340,337 Makiivka
19%
106,550 Alchevsk
12%
106,972 Sloviansk
8%
No matching quizzes found
Score Distribution
Percent of People with Each Score
Percentile by Number Answered
Your Score History
You have not taken this quiz